|
|
|
|
| LEADER |
02437nam a22004935i 4500 |
| 001 |
978-3-642-16758-4 |
| 003 |
DE-He213 |
| 005 |
20151204180528.0 |
| 007 |
cr nn 008mamaa |
| 008 |
101118s2010 gw | s |||| 0|eng d |
| 020 |
|
|
|a 9783642167584
|9 978-3-642-16758-4
|
| 024 |
7 |
|
|a 10.1007/978-3-642-16758-4
|2 doi
|
| 040 |
|
|
|d GrThAP
|
| 050 |
|
4 |
|a RS400-431
|
| 072 |
|
7 |
|a PSB
|2 bicssc
|
| 072 |
|
7 |
|a SCI013020
|2 bisacsh
|
| 082 |
0 |
4 |
|a 615.19
|2 23
|
| 245 |
1 |
0 |
|a Neurodegenerative Diseases
|h [electronic resource] /
|c edited by Celia Dominguez.
|
| 250 |
|
|
|a First.
|
| 264 |
|
1 |
|a Berlin, Heidelberg :
|b Springer Berlin Heidelberg :
|b Imprint: Springer,
|c 2010.
|
| 300 |
|
|
|a XVII, 196 p.
|b online resource.
|
| 336 |
|
|
|a text
|b txt
|2 rdacontent
|
| 337 |
|
|
|a computer
|b c
|2 rdamedia
|
| 338 |
|
|
|a online resource
|b cr
|2 rdacarrier
|
| 347 |
|
|
|a text file
|b PDF
|2 rda
|
| 490 |
1 |
|
|a Topics in Medicinal Chemistry,
|x 1862-2461 ;
|v 6
|
| 505 |
0 |
|
|a The Role of Histone Deacetylases in Neurodegenerative Diseases and Small-Molecule Inhibitors as a Potential Therapeutic Approach -- Phosphodiesterase Inhibition to Target the Synaptic Dysfunction in Alzheimer’s Disease -- Glutamate and Neurodegenerative Disease -- Modulation of the Kynurenine Pathway for the Potential Treatment of Neurodegenerative Diseases -- Spinal Muscular Atrophy: Current Therapeutic Strategies.
|
| 520 |
|
|
|a The Role of Histone Deacetylases in Neurodegenerative Diseases and Small-Molecule Inhibitors as a Potential Therapeutic Approach.- Phosphodiesterase Inhibition to Target the Synaptic Dysfunction in Alzheimer’s Disease.- Glutamate and Neurodegenerative Disease.- Modulation of the Kynurenine Pathway for the Potential Treatment of Neurodegenerative Diseases.- Spinal Muscular Atrophy: Current Therapeutic Strategies.
|
| 650 |
|
0 |
|a Chemistry.
|
| 650 |
|
0 |
|a Pharmacology.
|
| 650 |
|
0 |
|a Medicinal chemistry.
|
| 650 |
|
0 |
|a Neurology.
|
| 650 |
1 |
4 |
|a Chemistry.
|
| 650 |
2 |
4 |
|a Medicinal Chemistry.
|
| 650 |
2 |
4 |
|a Neurology.
|
| 650 |
2 |
4 |
|a Pharmacology/Toxicology.
|
| 700 |
1 |
|
|a Dominguez, Celia.
|e editor.
|
| 710 |
2 |
|
|a SpringerLink (Online service)
|
| 773 |
0 |
|
|t Springer eBooks
|
| 776 |
0 |
8 |
|i Printed edition:
|z 9783642167577
|
| 830 |
|
0 |
|a Topics in Medicinal Chemistry,
|x 1862-2461 ;
|v 6
|
| 856 |
4 |
0 |
|u http://dx.doi.org/10.1007/978-3-642-16758-4
|z Full Text via HEAL-Link
|
| 912 |
|
|
|a ZDB-2-CMS
|
| 950 |
|
|
|a Chemistry and Materials Science (Springer-11644)
|